<?xml version="1.0" encoding="UTF-8"?>
<record
    xmlns:xsi="http://www.w3.org/2001/XMLSchema-instance"
    xsi:schemaLocation="http://www.loc.gov/MARC21/slim http://www.loc.gov/standards/marcxml/schema/MARC21slim.xsd"
    xmlns="http://www.loc.gov/MARC21/slim">

  <leader>02097nam a22003614a 4500</leader>
  <controlfield tag="001">ebr5002277</controlfield>
  <controlfield tag="003">CaPaEBR</controlfield>
  <controlfield tag="006">m        u        </controlfield>
  <controlfield tag="007">cr cn|||||||||</controlfield>
  <controlfield tag="008">001102s2001    mau     sb    000 0 eng  </controlfield>
  <datafield tag="010" ind1=" " ind2=" ">
    <subfield code="z">   00012254 </subfield>
  </datafield>
  <datafield tag="020" ind1=" " ind2=" ">
    <subfield code="z">0807047139 (pbk. : alk. paper)</subfield>
  </datafield>
  <datafield tag="040" ind1=" " ind2=" ">
    <subfield code="a">CaPaEBR</subfield>
    <subfield code="c">CaPaEBR</subfield>
  </datafield>
  <datafield tag="035" ind1=" " ind2=" ">
    <subfield code="a">(OCoLC)228039975</subfield>
  </datafield>
  <datafield tag="050" ind1="1" ind2="4">
    <subfield code="a">HC79.I5</subfield>
    <subfield code="b">W49 2001eb</subfield>
  </datafield>
  <datafield tag="082" ind1="0" ind2="4">
    <subfield code="a">363.5/82</subfield>
    <subfield code="2">21</subfield>
  </datafield>
  <datafield tag="245" ind1="0" ind2="0">
    <subfield code="a">What's wrong with a free lunch?</subfield>
    <subfield code="h">[electronic resource] /</subfield>
    <subfield code="c">Philippe van Parijs ... [et al.] ; foreword by Robert Solow ; edited by Joshua Cohen and Joel Rogers for Boston Review.</subfield>
  </datafield>
  <datafield tag="260" ind1=" " ind2=" ">
    <subfield code="a">Boston, Mass. :</subfield>
    <subfield code="b">Beacon Press,</subfield>
    <subfield code="c">c2001.</subfield>
  </datafield>
  <datafield tag="300" ind1=" " ind2=" ">
    <subfield code="a">xviii, 137 p.</subfield>
  </datafield>
  <datafield tag="504" ind1=" " ind2=" ">
    <subfield code="a">Includes bibliographical references.</subfield>
  </datafield>
  <datafield tag="505" ind1="0" ind2="0">
    <subfield code="t">A basic income for all /</subfield>
    <subfield code="r">Philippe van Parijs --</subfield>
    <subfield code="t">What about reciprocity? /</subfield>
    <subfield code="r">William A. Galston --</subfield>
    <subfield code="t">UBI and the flat tax /</subfield>
    <subfield code="r">Herbert A. Simon --</subfield>
    <subfield code="t">Falling in love again /</subfield>
    <subfield code="r">Wade Rathke --</subfield>
    <subfield code="t">Security and laissez-faire /</subfield>
    <subfield code="r">Emma Rothschild --</subfield>
    <subfield code="t">Subsidize wages /</subfield>
    <subfield code="r">Edmund S. Phelps --</subfield>
    <subfield code="t">UBI and the work ethic /</subfield>
    <subfield code="r">Brian Barry --</subfield>
    <subfield code="t">Optional freedoms / Elizabeth Anderson --</subfield>
    <subfield code="t">Good for women /</subfield>
    <subfield code="r">Anne L. Alstott --</subfield>
    <subfield code="t">Dignity and deprivation /</subfield>
    <subfield code="r">Ronald Dore --</subfield>
    <subfield code="t">Why pay Bill Gates? /</subfield>
    <subfield code="r">Fred Block --</subfield>
    <subfield code="t">Something for nothing /</subfield>
    <subfield code="r">Robert E. Goodin --</subfield>
    <subfield code="t">A debate we need / Katherine McFate --</subfield>
    <subfield code="t">The big picture /</subfield>
    <subfield code="r">Peter Edelman --</subfield>
    <subfield code="t">On liberty /</subfield>
    <subfield code="r">Gar Alerovitz --</subfield>
    <subfield code="t">Pathways from here /</subfield>
    <subfield code="r">Claus Offe.</subfield>
  </datafield>
  <datafield tag="533" ind1=" " ind2=" ">
    <subfield code="a">Electronic reproduction.</subfield>
    <subfield code="b">Palo Alto, Calif. :</subfield>
    <subfield code="c">ebrary,</subfield>
    <subfield code="d">2013.</subfield>
    <subfield code="n">Available via World Wide Web.</subfield>
    <subfield code="n">Access may be limited to ebrary affiliated libraries.</subfield>
  </datafield>
  <datafield tag="650" ind1=" " ind2="0">
    <subfield code="a">Income distribution.</subfield>
  </datafield>
  <datafield tag="650" ind1=" " ind2="0">
    <subfield code="a">Income maintenance programs.</subfield>
  </datafield>
  <datafield tag="650" ind1=" " ind2="0">
    <subfield code="a">Welfare economics.</subfield>
  </datafield>
  <datafield tag="655" ind1=" " ind2="7">
    <subfield code="a">Electronic books.</subfield>
    <subfield code="2">local</subfield>
  </datafield>
  <datafield tag="700" ind1="1" ind2=" ">
    <subfield code="a">Parijs, Philippe van,</subfield>
    <subfield code="d">1951-</subfield>
  </datafield>
  <datafield tag="700" ind1="1" ind2=" ">
    <subfield code="a">Cohen, Joshua,</subfield>
    <subfield code="d">1951-</subfield>
  </datafield>
  <datafield tag="700" ind1="1" ind2=" ">
    <subfield code="a">Rogers, Joel,</subfield>
    <subfield code="d">1952-</subfield>
  </datafield>
  <datafield tag="710" ind1="2" ind2=" ">
    <subfield code="a">ebrary, Inc.</subfield>
  </datafield>
  <datafield tag="730" ind1="0" ind2=" ">
    <subfield code="a">Boston review (Cambridge, Mass. : 1982)</subfield>
  </datafield>
  <datafield tag="856" ind1="4" ind2="0">
    <subfield code="u">http://site.ebrary.com/lib/rucke/Doc?id=5002277</subfield>
    <subfield code="z">An electronic book accessible through the World Wide Web; click to view</subfield>
  </datafield>
  <datafield tag="999" ind1=" " ind2=" ">
    <subfield code="c">16645</subfield>
    <subfield code="d">16645</subfield>
  </datafield>
</record>
